000 00793cam a2200289 4500500
005 20260405001720.0
041 _afre
042 _adc
100 1 0 _aLegros, Martin
_eauthor
245 0 0 _aGunnar Olsson. Espèce d’espace
260 _c2014.
500 _a74
690 _aCartes
690 _achristianisme
690 _aEratosthène
690 _aFerdinand Saussure
690 _aGéographie
690 _aGunnar Olsson
690 _aMétaphysique
690 _aPlaton
690 _aReligion
690 _aReprésentation
690 _aSuède
690 _aSystème
786 0 _nPhilosophie magazine | 77 | 3 | 2014-03-01 | p. 25-27 | 1951-1787
856 4 1 _uhttps://shs.cairn.info/magazine-philosophie-magazine-2014-3-page-25?lang=fr&redirect-ssocas=7080
999 _c2050337
_d2050337